Litaniae de Corde Jesu
| Main Author: | |
|---|---|
| Other Authors: | |
| Format: | Musical Score Book |
| Language: | Slovak Latin Polish |
| PhysicalDescription: | 1 partitúra (xxx, 77 s.) noty 32 cm 1 CD |
| Published: |
Ružomberok
Verbum
2011
|
| ISBN: | 9788080847609 (brož.) |
| Subjects: |
MARC
| LEADER | 00000ccm a2200000 a 4500 | ||
|---|---|---|---|
| 001 | vtls010341383 | ||
| 003 | SK-MaSNL | ||
| 005 | 20260301132315.0 | ||
| 007 | qu | ||
| 008 | 120210s2011 xo uuuue u slo | ||
| 015 | |a SNBH2012/04-01321 | ||
| 020 | |a 9788080847609 (brož.) | ||
| 040 | |a SNK |b slo |c SNK |e AACR2 | ||
| 041 | 0 | |a slo |a lat |a pol | |
| 072 | 7 | |a 783 |x Cirkevná hudba. Duchovná hudba. Náboženská hudba |2 konspekt | |
| 080 | |a 783 |2 2001 | ||
| 080 | |a 783.26 |2 2001 | ||
| 080 | |a 78.089.6 |2 2001 | ||
| 084 | |a 2.2.1 |2 snlmc | ||
| 100 | 1 | |a Lechleitner, Ferdinand Simon |4 aut |9 414531 | |
| 245 | 1 | 0 | |a Litaniae de Corde Jesu |h hudobnina |c Simon Ferdinand Lechleitner ; editor Dariusz Smolarek |
| 254 | |a Partitúra | ||
| 260 | |a Ružomberok |b Verbum |c 2011 | ||
| 300 | |a 1 partitúra (xxx, 77 s.) |b noty |c 32 cm |e 1 CD | ||
| 504 | |a Pozn. | ||
| 546 | |a Súbež. text poľ. Text piesní lat. | ||
| 650 | 0 | 7 | |a duchovná hudba |2 SNKPH |9 1749 |
| 650 | 0 | 7 | |a sakrálna hudba |2 SNKPH |9 1745 |
| 650 | 0 | 7 | |a Sacred music |2 SNKPHeng |9 267668 |
| 650 | 0 | 7 | |a Litanies |2 SNKPHeng |9 288017 |
| 650 | 0 | 7 | |a litánie |2 SNKPH |9 2016 |
| 655 | 7 | |a partitúry |2 SNKPH |9 70123 | |
| 655 | 7 | |a Scores |2 SNKPHeng |9 285331 | |
| 700 | 1 | |a Smolarek, Dariusz |4 edt |9 414532 | |
| 852 | |a Štátna vedecká knižnica v Banskej Bystrici | ||
| 919 | |a 978-80-8084-760-9 | ||
| 958 | |a NT | ||
| 999 | |c 750621 |d 752551 | ||
| 952 | |a SNK |b SNK |y PREZ |7 0 |p 17A1064251 |o snkHSB 4427 |i snk2012/7316 |8 0 |0 0 |1 0 |4 0 |d 2012-04-10 |l 0 |r 2026-02-23 23:30:28 |w 2026-02-23 | ||
| 952 | |a SNK |b SNK |y VYP |7 0 |p 17A1054875 |o snkHSB 4427 D1 |i snk2012/7317 |8 0 |0 0 |1 0 |4 0 |d 2012-04-10 |l 0 |r 2026-02-23 23:30:29 |w 2026-02-23 | ||
| 952 | |a SNK |b SNK |y PREZ |7 0 |p 17A1064252 |o snkHSB 4427/príl. |i snk2012/7316 |8 0 |3 Príloha CD |z Príloha CD |0 0 |1 0 |4 0 |d 2013-03-04 |l 0 |r 2026-02-23 23:30:29 |w 2026-02-23 | ||
| 952 | |a SNK |b SNK |y PREZ |7 0 |p 17A1054876 |o snkHSB 4427/príl. D1 |i snk2012/7317 |8 0 |3 Príloha CD |z Príloha CD |0 0 |1 0 |4 0 |d 2012-10-19 |l 0 |r 2026-02-23 23:30:29 |w 2026-02-23 | ||


